Т. 3: Обязательственное право. Общие положения об обязательствах и договорах. Обязательства по передаче имущества в собственность. Обязательства по передаче имущества в пользование. Обязательства по производству работ; Гражданское право
| Parent link: | Гражданское право: учебник/ Московский государственный университет им. М. В. Ломоносова (МГУ) ; под ред. Е. А. Суханов.— 3-е изд., перераб. и доп..— , 2006- |
|---|---|
| Riassunto: | Заглавие с титульного экрана Электронная версия печатной публикации Режим доступа: из корпоративной сети ТПУ |
| Lingua: | russo |
| Pubblicazione: |
2006
|
| Soggetti: | |
| Accesso online: | http://www.lib.tpu.ru/fulltext2/m/2009/consultant/sukhanov3.pdf |
| Natura: | MixedMaterials Elettronico Libro |
| KOHA link: | https://koha.lib.tpu.ru/cgi-bin/koha/opac-detail.pl?biblionumber=166738 |
MARC
| LEADER | 00000nlm2a2200000 4500 | ||
|---|---|---|---|
| 001 | 166738 | ||
| 005 | 20231031162554.0 | ||
| 035 | |a (RuTPU)RU\TPU\book\180865 | ||
| 035 | |a RU\TPU\book\180726 | ||
| 090 | |a 166738 | ||
| 100 | |a 20091006d2006 m y0rusy50 ca | ||
| 101 | 0 | |a rus | |
| 102 | |a RU | ||
| 105 | |a y j 000zy | ||
| 135 | |a vrcn ---uucaa | ||
| 181 | 0 | |a i | |
| 182 | 0 | |a b | |
| 200 | 0 | |a Т. 3: Обязательственное право. Общие положения об обязательствах и договорах. Обязательства по передаче имущества в собственность. Обязательства по передаче имущества в пользование. Обязательства по производству работ |b Электронный ресурс | |
| 203 | |a Текст |c электронный | ||
| 210 | |d 2006 | ||
| 230 | |a 1 компьютерный файл (pdf; 4948 KB) | ||
| 300 | |a Заглавие с титульного экрана | ||
| 300 | |a Электронная версия печатной публикации | ||
| 333 | |a Режим доступа: из корпоративной сети ТПУ | ||
| 337 | |a Adobe Reader | ||
| 461 | 1 | |0 (RuTPU)RU\TPU\book\180721 |t Гражданское право |o учебник |o в 4 т. |f Московский государственный университет им. М. В. Ломоносова (МГУ) ; под ред. Е. А. Суханов |e 3-е изд., перераб. и доп. |d 2006- |s Классический университетский учебник | |
| 606 | 1 | |a Гражданское право |2 stltpush |3 (RuTPU)RU\TPU\subj\8516 | |
| 610 | 1 | |a право | |
| 610 | 1 | |a гражданское право | |
| 610 | 1 | |a Россия | |
| 610 | 1 | |a Российская Федерация | |
| 610 | 1 | |a обязательное право | |
| 610 | 1 | |a договоры | |
| 610 | 1 | |a договорное право | |
| 610 | 1 | |a договор купли-продажи | |
| 610 | 1 | |a договор аренды | |
| 610 | 1 | |a договор найма | |
| 610 | 1 | |a договор подряда | |
| 610 | 1 | |a неустойка | |
| 610 | 1 | |a задаток | |
| 610 | 1 | |a поручительство | |
| 610 | 1 | |a залоги | |
| 610 | 1 | |a банковские гарантии | |
| 610 | 1 | |a удержание | |
| 610 | 1 | |a гражданско-правовой договор | |
| 610 | 1 | |a договор поставки | |
| 610 | 1 | |a договор энергосбережения | |
| 610 | 1 | |a договор продажи недвижимости | |
| 610 | 1 | |a мена | |
| 610 | 1 | |a дарение | |
| 610 | 1 | |a рента | |
| 610 | 1 | |a жилищное право | |
| 610 | 1 | |a учебники | |
| 610 | 1 | |a электронный ресурс | |
| 686 | |a Х623я73 |v LBC/SL-A |2 rubbk | ||
| 801 | 2 | |a RU |b 63413507 |c 20220621 |g RCR | |
| 856 | 4 | |u http://www.lib.tpu.ru/fulltext2/m/2009/consultant/sukhanov3.pdf | |
| 900 | |a Договоры и сделки | ||
| 942 | |c CF | ||